DK Illustrated Oxford Dictionary / (Record no. 5224)
[ view plain ]
| 000 -LEADER | |
|---|---|
| fixed length control field | 00646nam a2200241 a 4500 |
| 001 - CONTROL NUMBER | |
| JCCL Control Number | 5224 |
| 003 - CONTROL NUMBER IDENTIFIER | |
| JCCL marc code | BD-JhCC |
| 005 - DATE AND TIME OF LATEST TRANSACTION | |
| control field | 20171210202731.0 |
| 008 - FIXED-LENGTH DATA ELEMENTS--GENERAL INFORMATION | |
| fixed length control field | 171210s1998 n a|||| || | 000 0 eng d |
| 020 ## - INTERNATIONAL STANDARD BOOK NUMBER | |
| International Standard Book Number | 9781405320290 |
| 035 ## - SYSTEM CONTROL NUMBER | |
| system control number | (BD-JhCC)5224 |
| 040 ## - CATALOGING SOURCE | |
| Original cataloging agency | BD-JhCC |
| Modifying agency | BD-JhCC |
| 041 ## - LANGUAGE CODE | |
| Language code of Book | eng |
| 082 ## - DEWEY DECIMAL CLASSIFICATION NUMBER | |
| Classification number | 423.1 |
| Author mark and Year | DKL 2007 |
| 245 ## - TITLE STATEMENT | |
| Title | DK Illustrated Oxford Dictionary / |
| Statement of responsibility, etc | Dorling Kindersley |
| 260 ## - PUBLICATION, DISTRIBUTION, ETC. (IMPRINT) | |
| Place of publication, distribution, etc | New York : |
| Name of publisher, distributor, etc | Dorling Kindersley, |
| Date of publication, distribution, etc | 2007. |
| 300 ## - PHYSICAL DESCRIPTION | |
| Pagination | 1007 p. : |
| Dimensions | 26 cm. |
| Other physical details | illus; |
| 650 ## - SUBJECT ADDED ENTRY--TOPICAL TERM | |
| Topical term or geographic name as entry element | Picture Dictionary, English |
| 650 ## - SUBJECT ADDED ENTRY--TOPICAL TERM | |
| Topical term or geographic name as entry element | English language |
| 710 ## - ADDED ENTRY--CORPORATE NAME | |
| Corporate name or jurisdiction name as entry element | Dorling Kindersley |
| 942 ## - ADDED ENTRY ELEMENTS (KOHA) | |
| Source of classification or shelving scheme | Dewey Decimal Classification |
| Koha item type | Reference |
| Source of classification or shelving scheme | Damaged status | Not for loan | Home library | Current library | Shelving location | Date of accession | Total Checkouts | Full call number | Barcode | Date last seen | Copy number | Koha item type | Cost, normal purchase price | Date checked out | Method of acquisition | Currency | Source of acquisition |
|---|---|---|---|---|---|---|---|---|---|---|---|---|---|---|---|---|---|
| Dewey Decimal Classification | JCC Rouf Library | JCC Rouf Library | General Stacks | 12/10/2017 | 423.1 DKL 2007 | 7257 | 12/10/2017 | C-1 | Books | ||||||||
| Dewey Decimal Classification | JCC Rouf Library | JCC Rouf Library | General Stacks | 12/10/2017 | 423.1 DKL 2007 | 7254 | 12/10/2017 | C-2 | Books | ||||||||
| Dewey Decimal Classification | JCC Rouf Library | JCC Rouf Library | General Stacks | 12/10/2017 | 423.1 DKL 2007 | 7255 | 12/10/2017 | C-3 | Books | ||||||||
| Dewey Decimal Classification | JCC Rouf Library | JCC Rouf Library | General Stacks | 12/10/2017 | 423.1 DKL 2007 | 7282 | 12/10/2017 | C-4 | Books | ||||||||
| Dewey Decimal Classification | JCC Rouf Library | JCC Rouf Library | General Stacks | 12/10/2017 | 423.1 DKL 2007 | 7281 | 12/10/2017 | C-5 | Books | ||||||||
| Dewey Decimal Classification | JCC Rouf Library | JCC Rouf Library | General Stacks | 12/10/2017 | 423.1 DKL 2007 | 7256 | 12/10/2017 | C-6 | Books | ||||||||
| Dewey Decimal Classification | JCC Rouf Library | JCC Rouf Library | General Stacks | 12/10/2017 | 423.1 DKL 2007 | 7283 | 12/10/2017 | C-7 | Books | ||||||||
| Dewey Decimal Classification | JCC Rouf Library | JCC Rouf Library | General Stacks | 04/23/2018 | 1 | 423.1 DKL 2011 | 13628 | 08/08/2019 | C-8 | Books | 2100.00 | 08/06/2019 | |||||
| Dewey Decimal Classification | JCC Rouf Library | JCC Rouf Library | General Stacks | 423.1 DKI 2007 | 19517 | 04/28/2024 | C-9 | Books | 2100.00 | Purchase | BDT | ||||||
| Dewey Decimal Classification | JCC Rouf Library | JCC Rouf Library | General Stacks | 423.1 DKI 2008 | 19198 | 04/28/2024 | C-10 | Books | 2100.00 | Gift/Donation | BDT | With The Compliments Of 7th Intake |